| 000 | 00608cam a2200205u 4500 | ||
|---|---|---|---|
| 001 | 6598369 | ||
| 003 | ARRUPE | ||
| 005 | 20150122161154.0 | ||
| 008 | 830309s1965 enk 000 0 eng | ||
| 010 | _a 66035155 | ||
| 040 |
_aDLC _cCarP _dDLC |
||
| 050 | 0 | 0 |
_aPR1225 _b.F5 |
| 100 | 1 |
_aFinn, F. E. S. _q(Frederick Edward Simpson), _ecomp. _914435 |
|
| 245 | 1 | 0 |
_aPoets of our time: _ban anthology |
| 260 |
_aLondon, _bJ. Murray _c[1965] |
||
| 300 |
_aix, 160 p. _c22 cm. |
||
| 650 | 0 |
_aEnglish poetry _y20th century. _914436 |
|
| 906 |
_a0 _bcbc _cpremunv _du _encip _f19 _gy-gencatlg |
||
| 942 |
_2lcc _cMONOGRAPH |
||
| 999 |
_c121831 _d121831 |
||